| 000 | 00359nam a2200157Ia 4500 | ||
|---|---|---|---|
| 003 | OSt | ||
| 005 | 20240113151505.0 | ||
| 008 | 170524s9999 xx 000 0 und d | ||
| 020 | _a978-8175155190 | ||
| 040 | _cIIMT UNIVERSITY | ||
| 100 | _aKUMAR.S & JAIN.P | ||
| 100 | _c2011 | ||
| 245 | 0 | _aOPERATION RESEARCH | |
| 260 | _aNIRUPAM SAHITYA | ||
| 942 |
_2ddc _c02 |
||
| 999 |
_c2467 _d2467 |
||